| 000 | 00626nam a22001937a 4500 | ||
|---|---|---|---|
| 005 | 2008101000170.0 | ||
| 008 | 081010t xxu||||| |||| 00| 0 eng d | ||
| 010 | _aENG- | ||
| 035 | _aEN- | ||
| 037 | _bDBAD/PUB | ||
| 040 |
_adpl _bEnglish |
||
| 100 | _aBhatia H.S | ||
| 245 |
_aPopular translation for school/ _cH.S.Bhatia |
||
| 260 |
_aNew Delhi _bRamesh Publishing House |
||
| 270 |
_a12-H, New Daryaganj Road, Opp. Traffic Kotwali _bNew Delhi |
||
| 300 |
_aiv, 256p. _c16 cm. |
||
| 942 |
_2ddc _cEN _mBHA |
||
| 999 |
_c16517 _d16517 |
||